[Event "Manila Interzonal"]
[Site "Manila"]
[Date "1990.??.??"]
[Round "1"]
[White "Kortschnoj, Viktor Lvovich"]
[Black "Illescas Cordoba, Miguel"]
[Result "1/2-1/2"]
[WhiteElo "2630"]
[BlackElo "2535"]
[Annotator "Ftacnik,L"]
[PlyCount "122"]
[EventDate "1990.06.29"]
[EventType "swiss"]
[EventRounds "13"]
[EventCountry "PHI"]
[SourceTitle "CBM 019"]
[Source "ChessBase"]
[SourceDate "1990.12.01"]
[SourceVersion "1"]
[SourceVersionDate "1990.12.01"]
[SourceQuality "1"]

1. d4 d5 2. c4 e6 3. Nc3 c5 4. cxd5 exd5 5. Nf3 Nc6 6. g3 Nf6 7. Bg2 Be7 8. O-O
O-O 9. Bg5 cxd4 10. Nxd4 h6 11. Be3 Re8 12. Nb3 Be6 13. Qd2 (13. Rc1) 13... Bb4
14. Rad1 Qc8 (14... Qd7 15. Nc5) 15. Qc1 (15. a3 Ne4 16. Qc1 (16. Bxe4 Bxc3 $10
) 16... Bxc3 17. bxc3 Ne5 $10) 15... Bxc3 $1 16. Qxc3 Bh3 17. Rfe1 $6 Bxg2 18.
Kxg2 Ne4 19. Qc1 (19. Qc2 Nb4 (19... Qf5 {P g3}) 20. Qxc8 Rexc8 {P c2}) 19...
Qf5 (19... Nb4 20. Rf1 $13) 20. Nd4 (20. Nc5 $2 d4 $19) 20... Nxd4 21. Rxd4 (
21. Bxd4 $6 Ng5 $40) 21... Rac8 22. Qd1 Nf6 23. Qd3 (23. Rd3 b6 $15) 23... Qxd3
24. Rxd3 (24. exd3 Rc2 25. Rb4 a5 $1 26. Rxb7 d4 $19) 24... Rc2 25. Rb3 (25.
Bxa7 Rxb2 26. Rb3 Rbxe2 $17) (25. Ra3 a6 26. Rb3 Re7) (25. Rb1 b6 (25... Rxe2
26. Rc3 {P f3}) 26. Kf1) 25... b6 26. h3 (26. Ra3 Re7) 26... Re4 27. Kf1 Ra4 (
27... d4 28. Rc1 Rc5 29. Bd2) 28. a3 (28. Ra1 Ne4 29. Ke1 d4 30. Kd1 (30. Bf4
Nc5 31. Rb5 d3) 30... Rac4 31. Bf4 Nxf2+ $19) 28... Ne4 29. Rb5 $1 (29. Rc1 $2
Rxc1+ 30. Bxc1 Rc4 31. Be3 d4 32. Bf4 g5 33. f3 Nc5 34. Rb4 Rxb4 35. axb4 gxf4
36. bxc5 bxc5 37. gxf4 Kg7 $19) 29... d4 $6 (29... Nd6 $5 30. Rxd5 Nc4 31. Bd4
(31. Bc1 Nxb2 32. Bxb2 Rxb2 33. Ra1 b5 $17) (31. Rd4 Nxe3+ 32. fxe3 Rxd4 33.
exd4 Rxb2 34. Rd1 Rb3 35. d5 Kf8) 31... Nxb2 32. Rd8+ Kh7 33. Rd7 Kg6 $15) 30.
Rc1 $1 Rc5 (30... Rxc1+ 31. Bxc1 Rc4 32. Bf4 Rc2 (32... g5 $6 33. Bb8 $1) 33.
Bb8 (33. Rb4 Nc5 34. Rxd4 Rxb2 $15) 33... Nd2+ 34. Ke1 Nc4 35. Kd1 Rd2+ 36. Ke1
Rc2 $10) 31. Rcxc5 bxc5 $6 (31... Nxc5 32. Bf4 d3 (32... Rc4 33. Bb8 Nd7 $22
34. Bxa7 Rc7 35. Bxb6 Rb7) 33. exd3 Nxd3 34. Bb8 Nc5 {P d7=}) 32. Bf4 g5 (32...
a6 33. Rb8+ Kh7 34. f3 Nf6 35. Rc8 Rc4 36. b4 Rc3 $14) (32... Rc4 33. f3 Nf6
34. b4 cxb4 35. Rxb4 Rxb4 36. axb4 Nd5 37. Bd6 $14) 33. f3 gxf4 (33... Nf6 34.
Bd6 Nd7 35. Rb7 $1 (35. Bxc5 $2 f5) 35... Nf6 36. Bxc5) 34. fxe4 fxg3 (34...
Rc4 35. gxf4 $16) 35. Rxc5 Ra6 36. Kg2 $8 (36. Rd5 Rb6 37. b4 Ra6 38. Rxd4 (38.
Ra5 $2 Rxa5 39. bxa5 Kg7 40. Kg2 Kf6 41. Kxg3 Ke5 42. Kf3 a6 $19) 38... Rxa3
39. Rd3 Ra1+ 40. Kg2 Rb1 $10) 36... Re6 (36... Rb6 37. b4 Ra6 38. Ra5 Rxa5 39.
bxa5 Kg7 40. Kxg3 Kf6 41. Kf4 Ke6 42. a6 $18) 37. e5 (37. Kf3 g2 38. Rc1 Rb6
$10) 37... f6 $1 (37... Rg6 38. Rd5 Rg5 39. b4 $16) 38. Kxg3 (38. exf6 Rxe2+
39. Kxg3 Kf7 $10) 38... fxe5 39. Rc8+ (39. Kg4 e4 40. Kf5 (40. Kf4 d3 41. exd3
(41. Ke3 Rd6 42. exd3 Rxd3+ 43. Kxe4 Rxh3 $10) 41... exd3 42. Rd5 Re2 43. b4 d2
) 40... Re8 41. Rc4 (41. Rd5 $2 d3 42. exd3 e3) 41... d3 42. exd3 exd3 43. Rd4
Re3 $10) 39... Kf7 40. Rc7+ Kf6 (40... Re7 $2 41. Rxe7+ Kxe7 42. Kf3 Kf6 43.
Ke4 Ke6 44. b4 (44. b3 $1 $18) 44... Kd6 45. a4 Ke6 46. b5 Kd6 47. a5 Kc5 48.
Kxe5 Kxb5 49. Kxd4 Kxa5 50. Kc5 $18) 41. Rxa7 (41. Kg4 e4 (41... Rb6 42. b4 Ra6
) 42. Kf4 (42. Rxa7 d3 $1) 42... d3 43. exd3 exd3 44. Rd7 Re2 45. Rxd3 Rxb2 46.
Rd6+ Kg7 47. Rd7+ Kg6 48. Rxa7 Kh5 $10) 41... Kf5 (41... e4 42. Kf4) 42. Rb7 (
42. Kf3 e4+ 43. Kg3 Rg6+ 44. Kf2 Rc6 $1 {P c2|^ =}) 42... Rc6 (42... Ke4 43.
Rb3 Ra6 $5 $13) 43. Rb5 $1 (43. Kf3 e4+ 44. Kf2 Rc2 $10) (43. Rb3 Rc2 44. Kf2
e4 $10) 43... Ke4 $8 (43... Rc2 44. Kf3 {P a4}) 44. a4 Rc4 $1 (44... Rc2 45. a5
$1 Rxe2 46. a6 Re1 $8 47. b4 (47. Ra5 Rg1+ 48. Kf2 Rg8 49. a7 Ra8 (49... Rf8+
50. Ke2 Ra8 51. b3 $1 $18) 50. Ke2 $1 Kf4 51. Kd3 Kf3 52. b4 e4+ 53. Kxd4 e3
54. Ra3 Kf2 55. Rxe3 Rd8+ 56. Kc5 Kxe3 57. b5 $18) 47... Rg1+ 48. Kf2 Rg8 49.
a7 Ra8 50. Rb7 Kd3 (50... d3 51. b5 Rf8+ 52. Kg3 d2 53. Rd7 $18) 51. b5 e4 52.
b6 e3+ 53. Kg2 e2 54. Re7 $18) 45. a5 (45. b3 Rc2 $10) 45... Ra4 46. Kg4 (46.
Kf2 Ra1 {P f4, e4=}) 46... Ra2 47. h4 Ra1 48. b4 (48. Kh5 Kf4 49. Kxh6 e4 50.
Rd5 (50. b4 d3 51. exd3 e3 52. Rb8 e2 53. Re8 e1=Q 54. Rxe1 Rxe1 55. h5 Rb1 56.
Kg7 Rxb4 57. h6 Rb7+ 58. Kg6 Ra7 $1 59. h7 Ra6+ $10) 50... d3 51. exd3 e3 52.
Rd4+ Kf3 53. Re4 e2 54. h5 e1=Q 55. Rxe1 Rxe1 56. Kg7 Rb1 57. h6 Rxb2 58. a6 (
58. h7 Rb7+ 59. Kg6 Rb8 $10) 58... Rg2+ $1 59. Kf7 (59. Kf8 Ra2 60. h7 Rxa6 $10
) 59... Rh2 60. a7 Ra2 $10) 48... Ra2 49. Kh5 (49. Rb6 Rxe2 50. a6 Ra2 51. b5
d3 52. Rd6 d2 53. a7 Rxa7 54. Rxd2 Rb7 55. Rb2 Kd3 $10) 49... Kf4 50. Kxh6 e4 (
50... Rxe2 51. a6 Ra2 52. Ra5 Rxa5 53. bxa5 d3 54. a7 d2 55. a8=Q d1=Q $14) 51.
h5 (51. Rd5 $5 d3 $1 52. exd3 e3 53. Rd4+ Kf3 54. h5 e2 55. Re4 Ra4 $1 56. Kg7
Rxb4 57. Re5 Rb1 58. h6 e1=Q 59. Rxe1 Rxe1 60. a6 Re7+ 61. Kg8 Ra7 $10) 51...
e3 $1 52. Rd5 Ke4 53. Rd8 Rxe2 54. b5 (54. Kg7 Rg2+ 55. Kh7 Rb2 $10) 54... Rb2
55. a6 (55. b6 e2 56. Kg7 Kf3) 55... Rxb5 56. a7 Ra5 57. a8=Q+ Rxa8 58. Rxa8 d3
59. Re8+ Kf4 60. Rxe3 $1 Kxe3 61. Kg7 d2 {Ftacnik,L} 1/2-1/2

[Event "Hoogovens"]
[Site "Wijk aan Zee"]
[Date "1984.01.17"]
[Round "4"]
[White "Kortschnoj, Viktor Lvovich"]
[Black "Huebner, Robert"]
[Result "1/2-1/2"]
[WhiteElo "2635"]
[BlackElo "2620"]
[Annotator "Bulletin"]
[PlyCount "104"]
[EventDate "1984.01.13"]
[EventType "tourn"]
[EventRounds "13"]
[EventCountry "NED"]
[EventCategory "13"]
[SourceTitle "MCL"]
[Source "ChessBase"]
[SourceDate "1999.07.01"]
[SourceVersion "1"]
[SourceVersionDate "1999.07.01"]
[SourceQuality "1"]

1. d4 d5 2. c4 e6 3. Nf3 Nf6 4. Nc3 Be7 5. Bg5 O-O 6. e3 h6 7. Bxf6 Bxf6 8. Qd2
b6 9. O-O-O Bb7 $6 (9... Nc6) 10. cxd5 exd5 $2 (10... Bxd5 11. e4 (11. Nxd5
exd5 $14) 11... Bb7 12. Qe3 $14 c5 $140 $2 13. dxc5 Qc7 14. Nb5 Qxc5+ 15. Qxc5
bxc5 16. Nc7 $18) 11. g4 $1 Bh4 (11... c5 12. h4 {/\ g5}) (11... g6 12. h4 Bg7
13. h5 g5 14. Bd3 {/\ Bc2,Qd3}) (11... Nd7 12. h4 Nc5 13. g5) 12. Rg1 Nd7 $6 (
12... Re8 $5) 13. g5 (13. Bd3 Re8 14. g5 Bxg5 15. Nxg5 hxg5 16. Rg2 Nf6 $13)
13... hxg5 (13... Bxg5 14. Nxg5 hxg5 15. Bh3 {/\ 16.Bxd7 Qxd7 17.Rxg5 +-}) 14.
Bd3 (14. Bh3 Re8 15. Bxd7 Qxd7 16. Nxg5 Qf5 17. f4 Re7 $13) 14... Re8 (14...
Nf6 15. Nxg5 Bxg5 16. Rxg5 Ne4 17. Nxe4 dxe4 18. Rdg1 exd3 19. Rxg7+ Kh8 20.
Qxd3 (20. Qd1 d2+ 21. Kxd2 (21. Qxd2 Be4 {/\ Bg6}) 21... Qh4) 20... Qh4 21. Qf5
{/\ 22.Rh7+ Qxh7 23.Qf6+} Rg8 22. R7g4 Qh6 (22... Rxg4 23. Rxg4 Qh6 24. Qe5+ f6
25. Qg3 $18) 23. R1g3 Rg6 24. Rxg6 fxg6 25. Rxg6 $18) 15. Qe2 $6 (15. Rg2 {
Kortschnoj} Nf6 (15... Nc5 16. Rdg1 Nxd3+ 17. Qxd3 Qf6 18. Nxh4 gxh4 19. Rxg7+
Qxg7 20. Rxg7+ Kxg7 21. Qf5 {/\ Ne2-f4 +/-}) (15... Qf6 16. Nxh4 gxh4 17. Rdg1
Nf8 18. Rxg7+ Qxg7 19. Rxg7+ Kxg7 20. Qe2 $16) 16. Nxh4 gxh4 17. Rdg1 g6 18. f3
$16 {>< g6,h4}) 15... Qf6 (15... Nf8 16. Nxh4 gxh4 17. Qh5 Re6 18. Rg4 g6 19.
Rdg1 Qf6 20. Nxd5 (20. Rf4 Qxf4 21. exf4 Re1+ $13) (20. Rxh4 {/\ Ne2 +/-})
20... Bxd5 21. Qxd5 Rd8 22. Qh5 c5 $13) 16. Nxh4 gxh4 17. Qh5 Kf8 (17... Nf8
18. Rg4 Qxf2 19. Rdg1 Qxe3+ (19... g6 20. Bxg6 Qxg1+ 21. Rxg1 Nxg6 22. Qh6 {
/\ Ne2-f4 +-}) 20. Kc2 Ne6 (20... Qf2+ 21. Kb3 Qf6 22. Qxh4 Re6 23. Qxf6 Rxf6
24. Rxg7+ $18) 21. Rf1 $18) 18. Rg4 (18. Bf5 $6 Ke7) (18. Nxd5 Qh6 19. Qxh6 (
19. Qf5 Qe6) 19... gxh6 20. Nf4 Nf6 $10) 18... Qh6 (18... Qxf2 19. Rf1 Qxe3+
20. Kc2 f6 (20... Nf6 21. Qh8+ Ke7 22. Qxg7 Nxg4 23. Rxf7+ Kd8 24. Rd7+ $18)
21. Bf5 Bc6 22. Bg6 (22. Rxg7 Kxg7 23. Qh7+ Kf8 24. Bxd7 Re6 25. Bxc6 Rxc6 26.
Qh8+ Kf7 27. Qxa8 Qe2+) 22... Qh6 23. Bxe8 Rxe8 24. Qxh6 gxh6 25. Rg6 Kf7 26.
Rxh6 $18) 19. Qxh6 gxh6 20. Rxh4 Ke7 $2 (20... Nf6 21. Rxh6 Ng4 22. Rh7 Nxf2
23. Rf1 Nxd3+ 24. Kd2 Re7 25. Rg1 f6 26. Rh8+ Kf7 27. Rxa8 Bxa8 28. Kxd3 $14)
21. Rxh6 Rh8 22. Rxh8 Rxh8 23. Rh1 Rh4 24. Ne2 c5 25. Ng3 (25. f3 Nf8 {/\ Ne6})
25... Kf6 26. Nf5 Rh3 27. Nd6 Bc6 28. Kd2 (28. Bb5 Nb8 29. Bf1 Rh4) 28... Nf8
29. Nc8 (29. Bb5 Ke6 $2 (29... Ba8 $8) 30. Nxf7 $18) 29... cxd4 (29... a5 $142
30. Nxb6 cxd4 31. Rc1 (31. exd4 Ne6) 31... dxe3+ 32. Ke2 Bb7 33. Rc7 Ne6 34.
Rxb7 Nf4+ 35. Kf1 Rxh2 $10) 30. exd4 (30. Nxa7 dxe3+ 31. fxe3 Bb7 32. Rf1+ Ke7
33. Rf2 Ne6 34. Nb5 Ba6) 30... Ne6 31. Nxa7 Nxd4 32. Nxc6 Nxc6 33. Bf1 Rh4 34.
h3 Ne5 35. Bg2 d4 $6 (35... Ng6 $6 36. Rc1) (35... Ke6 $5) 36. Bd5 $2 (36. Rc1
Rf4 37. Ke2 d3+ 38. Ke3 $18) (36. b3 $142) 36... Kf5 (36... Ng6 $142 37. Rc1
Rxh3 38. Rc6+ Ke5 39. Bxf7 Nf4 40. Rxb6 Rh2) (36... Ke7) 37. a4 f6 $2 (37...
Rf4 38. Ke2 (38. Rf1 Rh4 39. Bg2 Ng6 40. Rc1 Nf4 41. Bf1 Nxh3 42. Rc6 Nxf2 43.
Rxb6 Ne4+ 44. Kc2 Rh2+ 45. Kd3 Nc5+ $10) (38. Rh2 d3 (38... Rh4 39. b4 $140 d3
40. Kc3 d2) 39. b3 Rd4 40. Bb7 Kf4 41. Rh1 Rd7 42. Bg2 $16) 38... d3+ 39. Ke3
Rxa4 40. f3 Rh4 41. Be4+ Ke6 42. Bxd3 Nxd3 43. Kxd3 f5 $10) 38. f3 $2 (38. b4
Rf4 (38... d3 39. Kc3 d2 40. Bb3 Nc6 41. b5 Nd4 42. Bd1 $18) 39. Rf1 Rh4 40.
Bg2 (40. a5 bxa5 41. bxa5 Rxh3 42. Ra1 Rh2 $10) 40... d3 (40... Ng6 41. Ra1 Nf4
42. Bf1 Nxh3 43. a5 bxa5 44. bxa5 Nxf2 45. a6 Ne4+ 46. Ke1 Rh8 47. a7 Ra8 48.
Bb5 $18) 41. Kc3 Rc4+ 42. Kb3 Rc2 43. Rd1 (43. a5 $2 bxa5 44. bxa5 Nc4) 43...
Rxf2 44. Rf1 Rxf1 45. Bxf1 Ke4 46. a5 $18) 38... Kf4 39. b4 Nxf3+ 40. Kd3 (40.
Bxf3 Kxf3 41. a5 bxa5 42. bxa5 Kg2 43. Ra1 Rxh3 44. a6 Rh8 45. a7 Ra8 46. Kd3
f5 47. Kxd4 f4 $10) 40... Ng5 $2 (40... Ne5+ 41. Kxd4 Kg5+ 42. Kc3 f5 $13 43.
Kb3 Rd4) 41. Kxd4 $2 (41. a5 $18 bxa5 42. bxa5 Ke5 43. Bb7 Rxh3+ (43... Kd6 44.
a6 Kc7 45. Ra1 Rxh3+ 46. Kc4 Rh8 47. Bg2) 44. Rxh3 Nxh3 45. a6 Nf4+ 46. Kc4 Ne6
47. a7 Nc7 48. Kc5 d3 49. Bf3 d2 50. Kc6 Na8 51. Kb7 Kd6 52. Kxa8 Kc7 53. Bg4
f5 54. Be2 Kc8 55. Bd1 Kc7 56. Bc2 $22 f4 57. Bd1 Kc8 58. Be2 Kc7 59. Bg4 {+-})
41... Kf5+ 42. Kc3 Ke5 43. Bg2 f5 44. Ra1 $6 (44. Rd1 Ne4+ 45. Kb3 Rh8 $13) (
44. Re1+ $1 Kd6 (44... Ne4+ 45. Kc4 {/\ Kb5}) 45. Rd1+ Kc7 46. Rd4 f4 47. Rc4+
Kb8 48. b5 $5 {Kortschnoj} Rh6 49. Rxf4 Nxh3 50. Rf5 Rg6 51. Be4 $16) 44... f4
45. a5 f3 46. Bf1 (46. Bxf3 Nxf3 47. a6 Nd4) 46... Ne4+ 47. Kd3 (47. Kc2 bxa5
48. bxa5 Ng3 49. Bb5 (49. a6 Nxf1 50. a7 Rh8 51. Rxf1 Ra8 52. Ra1 f2 $10) 49...
f2 50. a6 Rxh3 51. a7 Rh8 52. a8=Q Rxa8 53. Rxa8 f1=Q $10) 47... bxa5 48. bxa5
Ng3 49. a6 Rh8 $8 (49... Rd4+ $2 50. Ke3 Nxf1+ 51. Kf2 $18) (49... Nxf1 $2 50.
Ra5+ Kd6 (50... Kf4 51. Ra4+) 51. a7 $18) 50. Kc3 (50. a7 Ra8 $10 {/\ Nxf1}) (
50. Ke3 Nxf1+ 51. Rxf1 Rxh3 $10) (50. Kc4 Nxf1 51. Rxf1 Ke4 52. a7 Ke3 53. Ra1
f2 54. Kb5 Ke2 $10) 50... Nxf1 51. Rxf1 Ra8 52. Ra1 f2 1/2-1/2

[Event "Dos Hermanas 10th"]
[Site "Dos Hermanas"]
[Date "1999.04.06"]
[Round "1"]
[White "Gelfand, Boris"]
[Black "Kortschnoj, Viktor Lvovich"]
[Result "1-0"]
[WhiteElo "2690"]
[BlackElo "2670"]
[Annotator "Gelfand,B"]
[PlyCount "127"]
[EventDate "1999.04.06"]
[EventType "tourn"]
[EventRounds "9"]
[EventCountry "ESP"]
[EventCategory "19"]
[SourceTitle "CBM 071"]
[Source "ChessBase"]
[SourceDate "1999.08.01"]
[SourceVersion "1"]
[SourceVersionDate "1999.08.01"]
[SourceQuality "1"]

1. d4 d5 2. c4 dxc4 3. Nf3 e6 4. e3 Nf6 5. Bxc4 c5 6. O-O Nc6 7. Qe2 cxd4 8.
Rd1 Be7 9. exd4 O-O 10. a3 $1 $146 (10. Nc3 Na5 11. Bd3 b6) 10... Nd5 11. Nc3
Re8 (11... Na5 12. Ba2 Re8 (12... Nxc3 13. bxc3 Qc7 14. Qe4 Bd7 15. Bf4 Qc8 16.
Ne5 Bc6 17. Nxc6 Nxc6 18. c4 Bf6 19. Bd6 Re8 20. c5 Ne7 21. Bb1 g6 22. Qf3 Nd5
23. Be4 {1-0 Tkachiev,V-Legky,N/FRA t-ch 1999 (48)}) 13. Qe4 $14) 12. Ba2 (12.
Qe4 Nf6 (12... Na5 13. Ba2 (13. Bxd5 exd5 14. Qxd5 Be6 15. Qh5 Nb3) 13... Bxa3
14. Nxd5 exd5 15. Qxd5 Qxd5 16. Bxd5 Bb4 17. Ra4 (17. Ng5 Be6) 17... Rd8 18.
Ba2 (18. Bxf7+ Kxf7 19. Rxb4 $16) 18... Nc6 19. Ng5 Rd7 (19... b5 20. Nxf7) (
19... Bg4 20. Nxf7) 20. Nxf7 Rxf7 21. d5 b5 22. dxc6 bxa4 23. Rd8+ Bf8 24. c7)
13. Qc2 Nd5 14. Ba2 Bf6 15. Ne4 $14) 12... Bxa3 13. Nxd5 (13. Ng5 $5 Nxc3 (
13... h6 14. Nxf7 Kxf7 15. Nxd5 (15. bxa3 Nxc3 16. Qf3+) 15... exd5 16. Qh5+) (
13... Be7 14. Nxf7 Kxf7 15. Qh5+ Kg8 16. Nxd5 exd5 17. Bxd5+ Kh8 18. Be4 $18)
14. Qh5 Qxg5 (14... h6 15. Nxf7 (15. Qxf7+ Kh8 16. Qh5 Rf8) 15... Qe7 16. Nxh6+
gxh6 17. Bxh6 (17. Qg6+ Kh8) (17. Rd3 Ne2+ 18. Qxe2 Bd6) (17. bxc3 Bxc1 18.
Raxc1 Rf8) 17... Nxd1 18. Qg6+ Kh8 19. Bg5 $16) (14... Ne2+ 15. Qxe2 Be7 16.
Nxf7 Kxf7 17. d5) 15. Bxg5 Bxb2 16. Rd3 Bxa1 17. Rh3 h6 18. Bxh6 g6 19. Qh4
Nxd4 (19... Nxa2 20. Bg5) 20. Bg5 Nce2+ 21. Kf1 Nf5 22. Qh7+ Kf8 23. Kxe2 $13)
13... exd5 14. Qb5 Bd6 (14... Be7 15. Bxd5) 15. Bxd5 (15. Bg5 Be7 16. Bxd5 (16.
Qxd5 Qxd5 17. Bxd5 Be6) 16... Bg4) 15... h6 (15... Nb4 16. Bg5 (16. Bxb7 Rb8
17. Rxa7 Bd7 18. Qh5 Qb6 19. Ng5)) (15... a6 16. Qb3 (16. Qc4 Be6 17. Bxe6 Rxe6
18. Bg5 Qb6) 16... Qc7 (16... Qf6 17. Bg5 Qf5 18. Re1 Bd7) 17. Ng5 $40 (17. Be3
)) 16. Ne5 $1 (16. Bxc6 bxc6 17. Qxc6 Bf5 $44) 16... Bxe5 (16... Nxe5 17. dxe5
Bg4 (17... Rxe5 18. Bf4) 18. Qxb7 (18. Bxf7+ Kxf7 19. Qc4+ $16) 18... Bxd1) 17.
dxe5 Qc7 18. Bf4 (18. f4 Bg4) 18... Be6 19. Bf3 a6 (19... Qb6 $5 20. Qxb6 axb6
21. Rac1 Ra4 $132) 20. Qc5 Rac8 21. Rac1 (21. Rd6 Ne7 22. Qb4 Qc4) 21... Qe7 (
21... Qa5 22. Be3) 22. Be3 Bb3 $2 (22... Qxc5 23. Rxc5 $14) 23. Qxe7 Rxe7 24.
Rd3 Ba4 (24... Be6 $142) 25. Bg4 Rd8 (25... Rce8 26. f4) 26. Rd6 Ra8 27. f4 Nd8
28. Rc8 $6 (28. Kf2 Bc6 $16) (28. Bb6 $1 Ne6 29. f5 Nf8 (29... Ng5 30. e6) 30.
e6 $18) 28... Rxc8 29. Bxc8 Ne6 30. f5 Nf8 31. Bd4 Rc7 (31... Bd7 32. Bxd7 (32.
Bxb7 Bxf5 33. Bxa6 Ng6 $132) (32. f6 gxf6 33. exf6 Re6) 32... Rxd7 33. Rxd7
Nxd7 {-game}) 32. Rd8 Bd7 33. Bxd7 Rxd7 34. Rxd7 Nxd7 35. Kf2 g6 36. g4 h5 37.
e6 fxe6 38. fxe6 Nb8 39. Kf3 (39. g5 Nc6 (39... Kf8 40. Bc5+ Ke8 41. Ke3) 40.
Bf6 (40. Bc5 b6 41. Bxb6 Kf8 42. Bc5+ Ke8 43. Ke3 Nd8)) 39... Nc6 40. Bf6 Kf8
41. gxh5 gxh5 42. Ke4 (42. Kf4 Nb4 (42... Na7 43. Kg5 Nb5 44. Kxh5 Nc7) 43. Ke4
) 42... Na7 43. Kd5 Ke8 44. Bd4 Nb5 (44... Nc8 45. Bc5 Kd8 46. Ke5 Ke8 47. Kf6
b6 48. Bf2 a5 49. Ke5 $18) 45. Bb6 Ke7 46. Ke5 Ke8 47. h3 $1 Ke7 48. h4 Ke8 49.
Kf6 Nd6 50. Kg6 Nc4 (50... Ke7 51. Bc5 Kxe6 52. Bxd6 Kxd6 53. Kxh5 Ke7 54. Kg6
Kf8 55. Kf6 a5 56. Ke5 Kg7 57. Kd5) 51. Bc5 $3 (51. Bd4 Ke7 52. Kxh5 Kxe6 53.
Kg6 Nd6 54. h5 Nf5 55. Bb6 Ne7+ 56. Kg7 Nf5+ 57. Kf8 Kf6 58. Bd8+ Ke6 59. Kg8
Kd7 60. Bg5 Ke6) 51... b6 (51... Nxb2 52. Kxh5 Nd3 (52... b6 53. Bd4 Nc4 54.
Kg6 Ke7 55. h5 Kxe6 56. h6 Nd6 57. h7 Nf7 58. Bxb6) 53. Bd6 b5 54. Kg5 (54. Kg6
b4 55. h5 b3 56. h6 b2 57. h7 Nf4+ 58. Kg7 Ng6) 54... b4 55. h5 $18) 52. Bd4
Ke7 53. Kxh5 Kxe6 54. Kg6 Nd6 55. Bxb6 (55. h5 Nf5 56. h6 Nxh6 57. Kxh6 Kd5 58.
Bxb6 Kc4 $11) 55... Nf5 56. h5 Ne7+ 57. Kg7 Nf5+ 58. Kg6 Nh4+ 59. Kg7 Nf5+ 60.
Kf8 Kf6 61. Bd8+ Ke6 62. Kg8 Nh6+ 63. Kg7 Nf7 64. Bc7 1-0

[Event "EU-chT (Men) 14th"]
[Site "Plovdiv"]
[Date "2003.10.20"]
[Round "9.1"]
[White "Shirov, Alexei"]
[Black "Kortschnoj, Viktor Lvovich"]
[Result "1-0"]
[WhiteElo "2737"]
[BlackElo "2580"]
[Annotator "Postny,E"]
[PlyCount "57"]
[EventDate "2003.10.10"]
[EventType "team-swiss"]
[EventRounds "9"]
[EventCountry "BUL"]
[SourceTitle "CBM 098"]
[Source "ChessBase"]
[SourceDate "2004.02.03"]
[SourceVersion "1"]
[SourceVersionDate "2004.02.03"]
[SourceQuality "1"]
[WhiteTeam "Spain"]
[BlackTeam "Switzerland"]
[WhiteTeamCountry "ESP"]
[BlackTeamCountry "SUI"]

1. e4 e5 2. Nf3 Nc6 3. Bb5 a6 4. Ba4 Nf6 5. O-O Nxe4 6. d4 b5 7. Bb3 d5 8. dxe5
Be6 9. Nbd2 Be7 10. c3 O-O 11. Bc2 f5 12. exf6 ({Another line is} 12. Nb3 {
which is probably more promising for white, but Shirov prefers to play open
positions.}) 12... Nxf6 13. Nb3 (13. a4 b4 14. Nd4 Nxd4 15. cxd4 Bd6 16. h3 Qd7
17. Nf3 Ne4 18. Ne5 Qe7 $11 {1-0 Ricardi,P-Sorin,A/Villa Gesell 1996/CBM 52 
(34)}) (13. Ng5 {This move was popular in the past, but nowadays considered as
harmless for black. For instanse:} Bg4 14. f3 Bc8 15. Re1 Qd6 16. Qe2 Bd7 17.
Nb3 Rae8 18. Ne6 Bxe6 19. Qxe6+ Qxe6 20. Rxe6 Bd6 $11 {1/2-1/2 Kotov,
A-Averbakh,Y/Moscow 1952/MCD (43)}) 13... Bg4 14. Qd3 Qd7 {The most solid
continuation.} ({In the previous game between the same players Kortschnoj
continued with the hasty} 14... Ne4 {- see Shirov,A-Kortschnoj,V/Reykjavik
2003/CBM 94 [Kortschnoj]}) 15. a4 $146 {Logical move, putting pressure on
black's queenside pawns.} (15. Nbd4 Nxd4 16. cxd4 Bxf3 17. Qxf3 g6 18. Bh6 Rf7
19. Rae1 Ng4 20. Qh3 Bf6 21. Be3 c6 22. Bd1 {1/2-1/2 Rohde,M-Kortschnoj,V/
Beersheba 1987/CBM 05 (22)}) 15... bxa4 $6 {There was no reason to spoil the
pawnstructure right away.} ({Possible improvement is} 15... Bd6) 16. Nbd4 $1 (
16. Rxa4 $2 Bxf3 (16... Ne5 $4 17. Nxe5 Qxa4 18. Nd4 Qe8 19. Nxg4 $18) 17. Qxf3
Ne5 $17) 16... Nxd4 17. Nxd4 a3 (17... c5 18. Bxa4 Qc7 19. Nf5 $14) 18. b4 Bh5
{[%cal Gh5g6]} 19. Qf5 $1 $14 Qxf5 (19... c5 20. bxc5 Bxc5 21. Qxd7 (21. Ne6 $2
Ne4 $1 22. Qe5 (22. Qxh5 Qxe6 $15) 22... Rxf2 23. Nxc5 (23. Bxe4 $2 Rxf1+ 24.
Kxf1 Qb5+ $19) 23... Rxf1+ 24. Kxf1 Qf7+ 25. Qf4 Nxc5 $15) 21... Nxd7 22. Ne6
$14) 20. Nxf5 Rf7 21. Nxe7+ Rxe7 22. Rxa3 Be2 $1 {Transfering the bishop to
the queenside, where it will defend black's pawn weaknesses.} 23. Re1 Rae8 24.
Be3 Bb5 {[%cal Gf6g4]} 25. h3 Ne4 26. Rd1 c6 27. Kh2 {(!) This subtle move is
not particurlarly the best...} Nxf2 $4 {[%mdl 8192]} ({Possible was} 27... Kf7
{keeping slightly worse, but playable position.}) 28. Bxf2 Re2 {[%tqu "En",
"Please enter a move for white.","","","a3a2","Oops... Black is losing the
exchange and the game.",3,"a3a2","",0]} 29. Ra2 $1 $18 {Oops... Black is
losing the exchange and the game.} ({After} 29. Ra2 Bc4 30. Rb2 Rxf2 31. Bxh7+
Kxh7 32. Rxf2 {black could still force white to show some technique, but
dissappointed Kortschnoj decided to resign.}) 1-0